| 000 | 00878nam a2200205Ia 4500 | ||
|---|---|---|---|
| 999 |
_c4233 _d4233 |
||
| 003 | OSt | ||
| 005 | 20200624125916.0 | ||
| 008 | 191128s2017 ck a gr 000 j spa d | ||
| 040 |
_aCO-JMCR _cCO-JMCR |
||
| 041 | _aspa | ||
| 082 | 0 | 4 |
_aJ / _bLIT |
| 100 | 1 |
_aNieto de Arias, Gloria, _eautora _95950 |
|
| 245 | 1 | 0 |
_aLite loto : _bjugando aprende literatura / _cGloria Nieto de Arias |
| 260 |
_aBogotá : _bColsubsidio, _c2017 |
||
| 300 |
_a1 juego (60 cartones, 240 tarjetas, 1 cuadernillo con las reglas e instrucciones del juego) _c 21 cm. |
||
| 500 | _aRecomendado a partir de los 12 años. | ||
| 520 | _aEs un juego donde todos ganan porque todos aprenden. Este sistema contribuye a familiarizar a los jugadores con los libros y a desarrollar el hábito de realizar -en cada lectura- un elemental análisis literario. | ||
| 650 | 1 | 4 |
_aJuegos en grupo _95951 |
| 942 |
_2ddc _cBK |
||